| 000 | 00536nam a2200229Ia 4500 | ||
|---|---|---|---|
| 003 | 0100 | ||
| 008 | 130227s9999 xx 000 0 und d | ||
| 040 | _cARRUPELIB | ||
| 050 | _aBX5700.6.Z8A73 | ||
| 245 | _aArchbishop Tutu | ||
| 245 | _bprophetic witness in south Africa | ||
| 260 | _aCape Town | ||
| 260 | _bHuman & Rousseau | ||
| 260 | _C1996 | ||
| 300 | _a264p. | ||
| 300 | _b 23 cm | ||
| 650 | _bEducation--Philosophy | ||
| 650 | _cTeaching | ||
| 650 | _dTact | ||
| 700 | _aHulley, Leonard (ed.) | ||
| 942 |
_2lcc _01 |
||
| 999 |
_c4669 _d4669 |
||